000 00393cam a2200169ua 4500
020 _cRs. 6.50
041 _aeng
_h
082 _a305.4
_bJAW/WO
100 _aJawaharlal , Nehru .
245 _aWomen of india
260 _aDelhi :
_bNational Council of women in India ,
_c1958.
300 _a279 ; .
365 _aRs. 6.50
504 _a
942 _cBK
999 _c1679
_d1679